000 01019nam a2200289Ia 4500
003 OSt
005 20221005111320.0
006 a|||||r|||| 00| 0
007 ta
008 221004b |||||||| |||| 00| 0 hin d
020 _a8170553660 (hbk)
_c200
024 _a17824
037 _b525, 21/03/2015, Vani Prakashan
_cTextual
040 _aCRL
_cCRL
_bhin
041 _2hin
_ahin
082 _aV2z7, 152Q1
100 _aराजकिशोर, संपा.
245 0 _aभारत का राजनीतिक संकट
246 _aBhārat kā rājanītik sankaṭa
250 _a2 संस्करण
260 _aनई दिल्ली
_bवाणी प्रकाशन भारत
_c2011
300 _a156पृ0
_ccm.
490 _aआज के प्रश्न; 8
650 _aविश्व-इतिहास
942 _hV2z7, 152Q1
_cTEXL
_2cc
999 _c1021479
_d1021479